Spanien

Saved in:
Bibliographic Details
Main Author: Herzog, Werner
Format: Book
Language:German
Published: München Beck 1989
Edition:2. durchges. Aufl.
Series:Beck'sche Reihe 811
Subjects:
Tags: Add Tag
No Tags, Be the first to tag this record!

MARC

LEADER 00000nam a2200000 4500
001 c010499
005 20221206131628.6
020 |a 3-406-32174-7 
041 0 |a ger 
044 |a DE 
245 1 0 |a Spanien  |c Werner Herzog 
250 |a 2. durchges. Aufl. 
264 1 |a München  |b Beck  |c 1989 
300 |a 163 s. 
490 1 |a Beck'sche Reihe  |v 811 
830 0 |a Beck'sche Reihe  |v 811 
610 2 0 |a Španielsko 
610 2 0 |a geografia 
610 2 0 |a geografia hospodárska 
610 2 0 |a politika 
610 2 0 |a kultúra 
610 2 0 |a hospodárstvo národné 
610 2 0 |a história 
610 2 0 |a spoločnosť 
610 2 0 |a obyvateľstvo 
610 2 0 |a turistika 
100 1 |a Herzog, Werner